000 00552nam a2200229Ia 4500
003 OSt
005 20220918175823.0
006 a|||||r|||| 00| 0
007 ta
008 220917b |||||||| |||| 00| 0 eng d
024 _a19,105
037 _cTextual
040 _aARTS
_cARTS
_beng
041 _2eng
_aeng
082 _aO:2M88:3, J6
100 _aEliot T S
245 0 _aFamily reunion
_b A play
260 _c1956
650 _aENGLISH LITERATURE
942 _hO:2M88:3, J6
_cTEXL
_2CC
999 _c159133
_d159133